<?xml version="1.0" encoding="UTF-8"?>
<record
    xmlns:xsi="http://www.w3.org/2001/XMLSchema-instance"
    xsi:schemaLocation="http://www.loc.gov/MARC21/slim http://www.loc.gov/standards/marcxml/schema/MARC21slim.xsd"
    xmlns="http://www.loc.gov/MARC21/slim">

  <leader>00818nam a22002177a 4500</leader>
  <datafield tag="999" ind1=" " ind2=" ">
    <subfield code="c">7766</subfield>
    <subfield code="d">7766</subfield>
  </datafield>
  <controlfield tag="005">20230906135455.0</controlfield>
  <controlfield tag="008">230906b           ||||| |||| 00| 0 eng d</controlfield>
  <datafield tag="020" ind1=" " ind2=" ">
    <subfield code="a">9788419825148</subfield>
  </datafield>
  <datafield tag="040" ind1=" " ind2=" ">
    <subfield code="a">CDRM</subfield>
  </datafield>
  <datafield tag="245" ind1=" " ind2=" ">
    <subfield code="a">De la desinformaci&#xF3;n a la conspiraci&#xF3;n </subfield>
    <subfield code="b">: pol&#xED;tica y comunicaci&#xF3;n ante un escenario medi&#xE1;tico h&#xED;brido </subfield>
    <subfield code="c">/ Adolfo Carratal&#xE1;, Mar&#xED;a Iranzo Cabrera, Guillermo L&#xF3;pez Garc&#xED;a (editores)</subfield>
  </datafield>
  <datafield tag="260" ind1=" " ind2=" ">
    <subfield code="a">Valencia </subfield>
    <subfield code="b">: Tirant Humanidades</subfield>
    <subfield code="c">, 2023</subfield>
  </datafield>
  <datafield tag="300" ind1=" " ind2=" ">
    <subfield code="a">370 p.</subfield>
  </datafield>
  <datafield tag="490" ind1=" " ind2=" ">
    <subfield code="a">Plural</subfield>
  </datafield>
  <datafield tag="650" ind1=" " ind2="0">
    <subfield code="9">4286</subfield>
    <subfield code="a">Desinformaci&#xF3;</subfield>
    <subfield code="z">Espanya</subfield>
  </datafield>
  <datafield tag="650" ind1=" " ind2="0">
    <subfield code="9">4787</subfield>
    <subfield code="a">Alfabetitzaci&#xF3; medi&#xE0;tica</subfield>
    <subfield code="z">Espanya</subfield>
  </datafield>
  <datafield tag="650" ind1=" " ind2="0">
    <subfield code="9">3324</subfield>
    <subfield code="a">Comunicaci&#xF3; en la pol&#xED;tica</subfield>
    <subfield code="z">Espanya</subfield>
  </datafield>
  <datafield tag="700" ind1=" " ind2=" ">
    <subfield code="9">4876</subfield>
    <subfield code="a">Carratal&#xE1;, Adolfo</subfield>
  </datafield>
  <datafield tag="700" ind1=" " ind2=" ">
    <subfield code="9">4877</subfield>
    <subfield code="a">Iranzo Cabrera, Mar&#xED;a</subfield>
  </datafield>
  <datafield tag="700" ind1=" " ind2=" ">
    <subfield code="9">4878</subfield>
    <subfield code="a">L&#xF3;pez Garc&#xED;a, Guillermo</subfield>
  </datafield>
  <datafield tag="942" ind1=" " ind2=" ">
    <subfield code="2">udc</subfield>
    <subfield code="c">MON</subfield>
  </datafield>
  <datafield tag="952" ind1=" " ind2=" ">
    <subfield code="0">0</subfield>
    <subfield code="1">0</subfield>
    <subfield code="2">udc</subfield>
    <subfield code="4">0</subfield>
    <subfield code="7">0</subfield>
    <subfield code="a">CDMR</subfield>
    <subfield code="b">CDMR</subfield>
    <subfield code="d">2023-09-06</subfield>
    <subfield code="e">Donaci&#xF3;</subfield>
    <subfield code="g">27.00</subfield>
    <subfield code="l">0</subfield>
    <subfield code="o">Ck 3/42</subfield>
    <subfield code="p">CDMR23090002</subfield>
    <subfield code="r">2023-09-06</subfield>
    <subfield code="w">2023-09-06</subfield>
    <subfield code="y">MON</subfield>
  </datafield>
</record>
